Steven Universe - Comet - Lyrics Quiz - Statistics

General Stats
  • This quiz has been taken 14 times
  • The average score is 161 of 184
Answer Stats
Character Lyrics % Correct
a
100%
A
100%
calling
100%
comet
100%
fly
100%
hear
100%
hit
100%
I
100%
I'm
100%
just
100%
like
100%
moment
100%
my
100%
name
100%
so
100%
Soar
100%
stage,
100%
that
100%
the
100%
But
92%
but
92%
chose
92%
Crash
92%
have
92%
heck
92%
in
92%
is
92%
know
92%
life
92%
light-
92%
of
92%
ride
92%
say
92%
this
92%
This
92%
to
92%
universe
92%
albums
83%
and
83%
And
83%
are
83%
clear,
83%
deep
83%
destiny
83%
direction,
83%
distraction,
83%
down
83%
easy
83%
ever
83%
everything
83%
fear
83%
final
83%
frontier,
83%
heart
83%
home
83%
it
83%
I've
83%
jerk
83%
knee-
83%
more
83%
no
83%
nothing
83%
off
83%
one
83%
only
83%
out
83%
reaction.
83%
share
83%
shelves,
83%
Greg Universe Some...
83%
space
83%
stars
83%
Stars
83%
that's
83%
thousands
83%
voices
83%
all
75%
as
75%
At
75%
hair,
75%
infinite
75%
isn't
75%
it's
75%
its
75%
known,
75%
left
75%
much
75%
myself,
75%
speed
75%
sure
75%
through
75%
while
75%
wind
75%
worth
75%
atmosphere
67%
been
67%
blows
67%
cold
67%
handing
67%
solar
67%
stardust
67%
Still
67%
way
67%
I'll
58%
knowing
58%
pics
58%
spirit
58%
wandering
58%
autographed
50%
tearing
42%
who's
17%
seer
8%
No matching quizzes found
Score Distribution
Percent of People with Each Score
Percentile by Number Answered
Your Score History
You have not taken this quiz